Povinnosti obchodných spoločností podľa zákona o účtovníctve v súvislosti s likvidáciou
Likvidáciu obchodnej spoločnosti možno charakterizovať ako zákonný proces ukončenia jej činnosti, ktorého cieľom je vysporiadať majetok a záväzky, uspokojiť veriteľov a nakoniec spoločnosť zrušiť a vymazať z obchodného registra. Prehľad ustanovení Obchodného zákonníka, ktoré sa týkajú likvidácie. Li...
Saved in:
| Main Author: | |
|---|---|
| Format: | Book Chapter |
| Language: | Slovak |
| Subjects: | |
| Tags: |
No Tags, Be the first to tag this record!
|
MARC
| LEADER | 00000naa a2200000 4500 | ||
|---|---|---|---|
| 001 | 0313571 | ||
| 005 | 20251210124553.7 | ||
| 041 | 0 | |a slo | |
| 044 | |a SK | ||
| 245 | 1 | 0 | |a Povinnosti obchodných spoločností podľa zákona o účtovníctve v súvislosti s likvidáciou |c Monika Adamíková |
| 520 | |a Likvidáciu obchodnej spoločnosti možno charakterizovať ako zákonný proces ukončenia jej činnosti, ktorého cieľom je vysporiadať majetok a záväzky, uspokojiť veriteľov a nakoniec spoločnosť zrušiť a vymazať z obchodného registra. Prehľad ustanovení Obchodného zákonníka, ktoré sa týkajú likvidácie. Likvidácia z hľadiska účtovníctva. | ||
| 610 | 2 | 0 | |a spoločnosti obchodné |
| 610 | 2 | 0 | |a likvidácia |
| 610 | 2 | 0 | |a zákonník obchodný |
| 610 | 2 | 0 | |a účtovníctvo podvojné |
| 100 | 1 | |a Adamíková, Monika | |